[Event "Biel GM 43rd"]
[Site "Biel"]
[Date "2010.07.19"]
[Round "1"]
[White "Howell, David"]
[Black "So, Wesley"]
[Result "0-1"]
[WhiteElo "2616"]
[BlackElo "2674"]
[Annotator "Postny,E"]
[PlyCount "64"]
[EventDate "2010.07.19"]
[EventType "tourn"]
[EventRounds "9"]
[EventCountry "SUI"]
[EventCategory "17"]
[SourceTitle "CBM 138"]
[Source "ChessBase"]
[SourceDate "2010.09.17"]
[SourceVersion "1"]
[SourceVersionDate "2010.09.17"]
[SourceQuality "1"]

1. e4 c6 2. d4 d5 3. exd5 cxd5 4. Bd3 {Obviously, this scheme is not the way
to fight for an opening advantage.} Nc6 5. c3 Nf6 (5... Qc7 6. Ne2 Bg4 7. f3
Bh5 8. Nf4 Nf6 9. Nxh5 Nxh5 10. O-O e6 {is another reliable continuation for
Black.}) 6. Bf4 {Covering the important diagonal.} Bg4 {Black should take out
the bishop before continuing the development with e7-e6.} 7. Qb3 Qc8 8. Nd2 e6
9. Ngf3 Be7 10. Kf1 $2 $146 {Really? Well, if I were following the game
transmitted live on playchess.com server, I would have thought that White in
fact played 10.0-0, while 10.Kf1 is just a mouse slip by someone relaying the
game. However, before continuing to be harsh and putting a glaring question
mark to the move in the text, let's think what could be White's ideas behind
10.Kf1? White assumes that the king is safe enough on f1, while the rook on h1
will support the advance of White's h- and maybe also g-pawn. This is how he
is going to attack Black's king's residence. Sounds too good to be true? Yes,
it is, and the continuation of the game proved it. A standard play would
include, obviously, castling followed by Nf3-e5 at some point. Here is one
recent example:} (10. Ne5 Bh5 11. Qc2 Nd7 12. O-O Ndxe5 13. Bxe5 Nxe5 14. dxe5
Bg6 15. Qa4+ Kf8 16. Bxg6 hxg6 17. Nf3 a6 18. Qf4 Qc7 19. Rac1 Rc8 20. b3 b5
21. a4 Kg8 22. axb5 axb5 23. Qe3 Kh7 $11 {0-1 Benjamin,J (2583)-Kamsky,G (2720)
/Saint Louis 2009/CBM 130 (50)}) (10. O-O O-O 11. Rfe1 Bh5 12. Ne5 Nxe5 13.
Bxe5 Bg6 14. Bxg6 hxg6 {is equal and has appeared in quite a number of games
as well.}) 10... Bh5 {The bishop is going to g6. Naturally, the exchange of
light-squared bishops favours Black.} 11. Re1 a6 {Preparing the standard plan
of a pawn minority attack on the queenside.} 12. Qc2 (12. a4 {would stop Black
from playing b7-b5, but not for very long. After the exchange of light-squared
bishops Black would prepare b7-b5 advance by Ra8-b8.}) 12... b5 13. b4 $5 {
This is an interesting way to hold Black's play on the queenside. The Pc3 is
hopelessly weak, but it won't be easy for Black to attack it.} (13. h3 Bg6 14.
Bxg6 hxg6 15. Qd3 O-O $15 {followed by b5-b4 at the right moment.}) 13... Bg6
14. Bxg6 hxg6 {[%csl Rc2][%cal Gc6b4,Gc8c2]} 15. Qd3 a5 16. a3 (16. Qxb5 $2
axb4 17. Ne5 Qa6 {leads to a total collapse for White.}) 16... axb4 17. axb4
Qb7 18. Nb3 O-O 19. h4 ({If White tries to cover the e4-square by} 19. Nfd2 $6
{, then Black can break through the centre by} Nh5 $1 20. Be3 e5 21. dxe5 Nxe5
22. Qe2 Rfe8 $17 {White's uncastled king is the main factor in the position.})
19... Ne4 20. Nfd2 Ra3 21. Rb1 (21. Nxe4 dxe4 (21... Rxb3 $6 22. Qc2 Ra3 23.
Bc1 Ra1 24. Nc5 Bxc5 25. dxc5 Rfa8 26. h5 R8a2 27. Qd3 {is exactly what White
is striving for.}) 22. Qc2 f5 23. Nc5 Bxc5 24. dxc5 Rfa8 $15) 21... Rfa8 22.
Kg1 (22. Nxe4 $6 dxe4 23. Qxe4 $2 {[%tqu "En","Can you spot the right move?",
"","","a3b3","",10]} Rxb3 $1 24. Rxb3 {[%tqu "En","And now?","","","c6d4","",
10]} Nxd4 $3 25. Qxd4 (25. Qxb7 Ra1+ {is mate. Very neat tactics!}) 25... Ra1+
26. Ke2 Rxh1 27. g3 Bf6 28. Be5 Qa8 $1 $19 {[%cal Ga8a2]}) 22... Nd8 $1 {
A good manouevre. The knight is doing nothing on c6.} 23. Rh3 $1 {White didn't
succeed with his kingside assault, but, at least, managed to develop all his
pieces.} Qc6 {[%cal Gd8b7,Gb7d6]} 24. Na5 {Principled, but makes Black's play
easier.} (24. Nxe4 dxe4 25. Qe3 Qd5 26. Nd2 (26. Nc5 Bxc5 27. bxc5 Nc6 28. Rxb5
Ra1+ 29. Kh2 Rf1 $36 {[%csl Rf2,Rh2][%cal Ga8a1,Ga8a2]}) 26... f5 27. Qg3 Kf7
28. h5 gxh5 29. Rxh5 Nc6 30. Rh7 Bf6 31. Bg5 Rxc3 $1 32. Qxc3 Bxg5 $17) 24...
R8xa5 $1 {Of course!} (24... Qxc3 $2 {would fall into} 25. Qf1 $1 {[%cal Gh3a3]
}) 25. bxa5 Nxc3 26. Rb3 (26. Re1 b4 27. Nb1 Rxa5 28. Nxc3 Qxc3 29. Qxc3 bxc3
30. Rxc3 Bb4 $17) 26... Ra1+ 27. Nb1 b4 28. Bd2 Na2 29. Re3 $2 {The decisive
mistake.} (29. Rb2 $1 {would still keep White pretty much in the game. For
instance:} Qa4 30. a6 Nc6 31. Kh2 Bd6+ (31... Bf6 32. Rc2 $1 $13) 32. f4 Nb8
33. h5 Qxa6 34. hxg6 Qxd3 35. gxf7+ Kxf7 36. Rxd3 Nc6 $15) 29... Nc1 $1 30.
Bxc1 Qxc1+ 31. Kh2 Nc6 32. g3 {In time-trouble definitely missing that Pa5 is
hanging, but the position is lost anyhow.} Nxa5 {[%csl Rb3]} 0-1

[Event "Biel GM 43rd"]
[Site "Biel"]
[Date "2010.07.26"]
[Round "7"]
[White "So, Wesley"]
[Black "Nguyen, Ngoc Truong Son"]
[Result "1/2-1/2"]
[WhiteElo "2674"]
[BlackElo "2617"]
[Annotator "Ftacnik,L"]
[PlyCount "51"]
[EventDate "2010.07.19"]
[EventType "tourn"]
[EventRounds "9"]
[EventCountry "SUI"]
[EventCategory "17"]
[SourceTitle "CBM 138"]
[Source "ChessBase"]
[SourceDate "2010.09.17"]
[SourceVersion "1"]
[SourceVersionDate "2010.09.17"]
[SourceQuality "1"]

1. Nf3 Nf6 2. c4 c6 3. Nc3 d5 4. e3 g6 5. d4 Bg7 6. Be2 O-O 7. O-O a6 8. a4 {
White is not afraid to admit, that Black has made a useful move a7-a6.} a5 9.
Qb3 e6 {Black has to be careful despite the potential for a symmetrical
position. One example of the possible problems was delivered in a fresh game
from the Russian-chT.} (9... Na6 10. cxd5 cxd5 11. Bd2 Nb4 12. Rfc1 Bd7 13. Ne5
Rb8 14. Be1 Bh6 15. Na2 Nc6 16. Nxd7 Qxd7 17. Qb5 Rfd8 18. b4 axb4 19. Nxb4
Nxb4 20. Bxb4 Bf8 21. Qxd7 Nxd7 22. a5 $14 {1/2-1/2 Gelfand,B (2750)-Wang Yue 
(2749)/Dagomys 2010 (77)}) 10. Rd1 (10. Bd2 b6 11. Rfd1 Nbd7 (11... Bb7 12.
Rac1 Nbd7 13. Be1 Qe7 14. c5 Rfb8 15. cxb6 Qb4 16. Qxb4 axb4 17. Na2 b3 18. Nc3
Nxb6 19. Ra1 Ne4 20. a5 Nxc3 21. Bxc3 Nc4 22. Bxc4 dxc4 23. Ne5 Bxe5 24. dxe5
$16 {1-0 Lauber,A (2424)-Ottstadt,R (2184)/Hamburg 2001 (46)}) 12. Rac1 Re8 13.
Ne5 Nxe5 14. dxe5 Nd7 15. cxd5 exd5 16. e4 Nc5 17. Qc2 d4 18. Be3 Bxe5 19. f4
Qc7 20. Rxd4 Bxf4 21. Bxf4 Qxf4 $17 {0-1 Mamedyarov,S (2742)-Kamsky,G (2723)/
Moscow 2008 (41)}) (10. Ne5 Nfd7 11. f4 Na6 12. Bd2 Nb4 13. Rad1 b6 14. cxd5
exd5 15. Na2 Nxa2 16. Qxa2 Nxe5 17. fxe5 Be6 18. b4 axb4 19. Bxb4 Qg5 20. Bxf8
Qxe3+ 21. Kh1 Bxf8 $11 {1-0 Dziuba,M (2587)-Gdanski,J (2509)/Warsaw 2010 (50)})
10... Qe7 {Nguyen is trying to play cleverly and prepare for all White's plans.
Black prefers to commit the queen first in order to preserve the freedom of
the knight to move to either a6 or d7.} (10... Nbd7 11. Qc2 Qc7 (11... Re8 12.
b3 Qb6 13. Bb2 Qa7 14. e4 Nxe4 15. Nxe4 dxe4 16. Qxe4 Qb6 17. Qc2 e5 18. c5 Qd8
19. dxe5 Qe7 20. e6 Qxe6 21. Bxg7 Kxg7 22. Rd2 Qf5 23. Qc3+ Kg8 $11 {1-0
Bruzon Bautista,L (2619)-Alonso,S (2441)/Mendes 2009 (24)}) 12. b3 dxc4 13.
bxc4 e5 14. Ba3 Re8 15. dxe5 Nxe5 16. Bd6 Nxf3+ 17. Bxf3 Qd7 18. Rab1 Qe6 19.
Ne2 Qf5 20. Qxf5 gxf5 21. Nd4 Ne4 22. Bxe4 Rxe4 23. c5 $14 {1/2-1/2 Zilberman,
Y (2505)-Murey,J (2487)/Ramat Aviv 2000 (34)}) (10... Na6 11. Bd2 Re8 (11...
Nb4 12. Be1 b6 13. Ne5 Nd7 14. Na2 Nxe5 15. Nxb4 Nxc4 16. Nxc6 Qd6 17. Ne5 Nxe5
18. dxe5 Bxe5 19. h3 Bb7 20. Bc3 Bxc3 21. bxc3 Qc5 $17 {0-1 Lahno,K (2535)
-Kryvoruchko,Y (2609)/Paleochora 2010 (54)}) 12. Rac1 Nb4 13. Na2 Nxa2 14. Qxa2
Ne4 15. Be1 Nd6 16. b3 Qe7 17. Ne5 Bd7 18. b4 axb4 19. Bxb4 Red8 20. a5 $14 {
1/2-1/2 So,W (2640)-Malakhov,V (2706)/Khanty Mansiysk 2009 (65)}) 11. Ne5 (11.
Bd3 Nbd7 12. e4 dxe4 13. Bxe4 Nxe4 (13... e5 $1 14. d5 Qb4 $11) 14. Nxe4 h6 15.
Bf4 e5 16. dxe5 g5 17. Bg3 Nxe5 18. Nxe5 Bxe5 19. Re1 Bxg3 20. Qxg3 Bf5 21. Nd6
Qf6 22. h4 $16 {1-0 Ftacnik,L (2605)-Horvath,M (2270)/Slovakia 1995 (44)})
11... Nbd7 12. f4 {So finds an ambitious plan, but his chances are hampered by
the undeveloped bishop on c1.} (12. Nxd7 Nxd7 13. Qc2 dxc4 14. Bxc4 Nb6 15. b3
Qc7 16. Ba3 Rd8 17. Be2 Nd5 $11) 12... Nxe5 13. fxe5 (13. dxe5 Nd7 14. Qc2 f6
15. exf6 Nxf6 16. b3 b6 17. Ba3 c5 $11) 13... Nd7 14. cxd5 exd5 $1 {[%mdl 4]
Opening the way for the c8 bishop seems to be the natural solution. The open c
file would be of benefit only to the first player.} (14... cxd5 $6 15. e4 Qb4
16. Qxb4 axb4 17. Nb5 dxe4 18. Nc7 Rb8 19. Bd2 $16) 15. e4 (15. Bf3 Qb4 16. Qa2
Nb6 17. Ne2 Re8 18. Nf4 Bf5 $11) 15... Qb4 (15... Nxe5 16. dxe5 Qc5+ 17. Kh1 d4
18. Nb1 Be6 19. Qd3 Qxe5 20. Nd2 f5 21. exf5 Bxf5 22. Qb3+ Be6 23. Bc4 $16) 16.
Qc2 $2 {White players often suffer from the delusion, that nothing really bad
can happen to the player with a spare tempo.} (16. Qa3 $1 f6 17. exd5 fxe5 18.
dxc6 bxc6 19. d5 Qb6+ 20. Kh1 Nf6 $11) 16... Nxe5 $1 17. h3 $6 {In shock and
disbelief White makes a meek move just to avoid the critical line 17.dxe5.} (
17. dxe5 Qc5+ 18. Kh1 d4 19. Bf4 dxc3 20. Qxc3 Qxc3 21. bxc3 Re8 22. Rd6 Kf8
23. Rf1 Bxe5 24. Bc4 Bxf4 25. Rxf4 f5 26. Rf6+ Kg7 27. Rf7+ Kh6 28. exf5 Re1+
29. Bf1 Bxf5 $15) (17. exd5 Bf5 $1 18. Qd2 Nc4 19. Bxc4 Qxc4 $17) 17... Nd7 (
17... Be6 $1 18. dxe5 Qc5+ 19. Kh1 d4 20. Bf4 dxc3 21. Qxc3 Qxc3 22. bxc3 Rae8
23. Rab1 Bc8 $17) 18. exd5 Bxd4+ 19. Kh1 Nf6 (19... Re8 $1 20. dxc6 bxc6 21.
Bf3 Ne5 22. Qe4 Bxc3 23. bxc3 Qxc3 24. Bd2 Qb2 $17) 20. Bh6 Be5 {Black is
eager to play interesting, rather than the strongest moves. His lack of clear
focus will cost him the lion's share of the advantage.} (20... Re8 $1 21. dxc6
bxc6 22. Bf3 Bb7 $17) 21. Bf3 $1 (21. Bxf8 Qf4 22. Kg1 Bxh3 $1 23. Bf3 (23.
gxh3 Qh2+ 24. Kf1 Qxh3+ 25. Kf2 (25. Ke1 Bg3+ 26. Kd2 Bf4+ 27. Ke1 Qh1+ 28. Kf2
(28. Bf1 Re8+) 28... Qh2+ 29. Kf1 Be3 $19) 25... Bg3+ 26. Ke3 Re8+ 27. Kd3 Qf5+
28. Kd2 (28. Kc4 Qxc2) 28... Qf4+ 29. Kd3 Re3+ 30. Kd2 Rf3#) 23... Qh2+ 24. Kf1
Rxf8 $17) 21... cxd5 (21... Re8 22. dxc6 Ra6 23. Re1 bxc6 24. Bg5 $15) 22. Nxd5
(22. Bxf8 Qf4 23. Kg1 Bf5 24. Qf2 Qh2+ 25. Kf1 Rxf8 26. Nxd5 Nxd5 27. Rxd5 Be6
28. Rad1 Bxd5 29. Bxd5 $17) 22... Nxd5 23. Rxd5 {Finaliy White is consolidated
and has fair chances of survival.} Bf5 (23... Qxb2 24. Qxb2 Bxb2 25. Bxf8 Bxa1
26. Rd8 h5 27. Re8 Kh7 28. Bd5 Kg8 29. Bf3 $11) (23... Re8 24. Qd2 Bxb2 (24...
Qxb2 25. Re1) 25. Rb1 Qxd2 26. Bxd2 Bf6 27. Rxa5 Rxa5 28. Bxa5 Re3 29. Bxb7
Bxb7 30. Rxb7 Ra3 $15) 24. Qe2 Bg7 25. Bxg7 Kxg7 26. Rb5 (26. Rb5 Qd4 27. Rxb7
Rae8 28. Rd1 $15) 1/2-1/2

[Event "Manila Campomanes Memorial op"]
[Site "Manila"]
[Date "2010.08.28"]
[Round "1"]
[White "Roca, Petronio"]
[Black "So, Wesley"]
[Result "0-1"]
[WhiteElo "2372"]
[BlackElo "2674"]
[PlyCount "66"]
[EventDate "2010.08.28"]
[EventType "swiss"]
[EventRounds "9"]
[EventCountry "PHI"]
[SourceTitle "CBM 138 Extra"]
[Source "ChessBase"]
[SourceDate "2010.10.29"]
[SourceVersion "1"]
[SourceVersionDate "2010.10.29"]
[SourceQuality "1"]

1. d4 Nf6 2. Nf3 g6 3. g3 b5 4. a4 b4 5. Bg2 Bb7 6. c4 bxc3 7. bxc3 Bg7 8. O-O
O-O 9. Nbd2 Na6 10. Re1 c5 11. Rb1 Rb8 12. e4 Ba8 13. Rxb8 Qxb8 14. Qe2 cxd4
15. Nxd4 Nc5 16. e5 Nh5 17. Bxa8 Qxa8 18. N2f3 d6 19. Qc4 Rc8 20. exd6 exd6 21.
Re7 d5 22. Qb5 a6 23. Qa5 Bf8 24. Re2 Ne4 25. Bd2 Qb7 26. Ng5 Nhf6 27. Nxe4
Nxe4 28. f3 Nxd2 29. Rxd2 Rc5 30. Qd8 Rxc3 31. Ne2 Rxf3 32. Qxd5 Qb6+ 33. Nd4
Qb1+ 0-1

[Event "Manila Campomanes Memorial op"]
[Site "Manila"]
[Date "2010.08.29"]
[Round "2"]
[White "So, Wesley"]
[Black "Laylo, Darwin"]
[Result "1-0"]
[WhiteElo "2674"]
[BlackElo "2522"]
[PlyCount "93"]
[EventDate "2010.08.28"]
[EventType "swiss"]
[EventRounds "9"]
[EventCountry "PHI"]
[SourceTitle "CBM 138 Extra"]
[Source "ChessBase"]
[SourceDate "2010.10.29"]
[SourceVersion "1"]
[SourceVersionDate "2010.10.29"]
[SourceQuality "1"]

1. Nf3 Nf6 2. c4 g6 3. Nc3 d5 4. cxd5 Nxd5 5. g3 Bg7 6. Bg2 O-O 7. O-O Nxc3 8.
bxc3 c5 9. Rb1 Nc6 10. Qa4 Qa5 11. Qxa5 Nxa5 12. Ng5 Rb8 13. Ne4 c4 14. Ba3 Re8
15. Nc5 b6 16. Bb4 Bf5 17. e4 bxc5 18. Bxa5 Bd7 19. Bc7 Rb5 20. Rxb5 Bxb5 21.
Rb1 Rc8 22. Bf4 a6 23. Bf1 e5 24. Be3 Bf8 25. f3 Bd6 26. a4 Bxa4 27. Bxc4 Bb5
28. Bxb5 axb5 29. Rxb5 c4 30. f4 f6 31. fxe5 Bxe5 32. Kf2 Kf7 33. Bf4 Ke6 34.
Rb6+ Kd7 35. Rb7+ Rc7 36. Rxc7+ Kxc7 37. Ke3 Kc6 38. d4 cxd3 39. Kxd3 Kc5 40.
c4 Kb4 41. Bd2+ Kc5 42. Bc3 g5 43. g4 Kc6 44. Bxe5 fxe5 45. Kc2 h6 46. Kb3 Kc5
47. Kc3 1-0

[Event "Manila Campomanes Memorial op"]
[Site "Manila"]
[Date "2010.08.31"]
[Round "6"]
[White "So, Wesley"]
[Black "Barbosa, Oliver"]
[Result "1-0"]
[WhiteElo "2674"]
[BlackElo "2458"]
[PlyCount "45"]
[EventDate "2010.08.28"]
[EventType "swiss"]
[EventRounds "9"]
[EventCountry "PHI"]
[SourceTitle "CBM 138 Extra"]
[Source "ChessBase"]
[SourceDate "2010.10.29"]
[SourceVersion "1"]
[SourceVersionDate "2010.10.29"]
[SourceQuality "1"]

1. d4 d5 2. c4 dxc4 3. e4 e5 4. Nf3 Bb4+ 5. Nc3 exd4 6. Nxd4 Ne7 7. Bxc4 Nbc6
8. Be3 O-O 9. a3 Ba5 10. O-O Nxd4 11. Bxd4 Qd6 12. Nb5 Qg6 13. Bc5 Bg4 14. Qb3
Rfe8 15. h3 Bd7 16. Rad1 Bxb5 17. Qxb5 Bb6 18. Bxb6 axb6 19. Rd7 Ra5 20. Qb3
Rc5 21. Rfd1 h6 22. Rd8 Kf8 23. Rxe8+ 1-0

[Event "Asia rap (Men) 16th"]
[Site "Guangzhou"]
[Date "2010.11.15"]
[Round "7"]
[White "Sasikiran, Krishnan"]
[Black "So, Wesley"]
[Result "1-0"]
[WhiteElo "2688"]
[BlackElo "2669"]
[PlyCount "87"]
[EventDate "2010.11.13"]
[EventType "swiss (rapid)"]
[EventRounds "9"]
[EventCountry "CHN"]
[SourceTitle "EXT 2011"]
[Source "ChessBase"]
[SourceDate "2010.11.26"]
[SourceVersion "1"]
[SourceVersionDate "2010.11.26"]
[SourceQuality "1"]

1. d4 Nf6 2. Nf3 g6 3. Bg5 Bg7 4. Nbd2 O-O 5. c3 h6 6. Bh4 d6 7. e4 Nbd7 8. Bc4
g5 9. Bg3 Nh5 10. Bh4 Nhf6 11. Bg3 Nh5 12. Nf1 c5 13. Ne3 Nxg3 14. hxg3 cxd4
15. Nxd4 Ne5 16. Bb3 e6 17. f4 Ng6 18. f5 exf5 19. Ndxf5 Bxf5 20. Nxf5 Qf6 21.
O-O Qe5 22. Qxd6 Kh7 23. Rad1 Kg8 24. Ra1 Kh7 25. Rad1 Rae8 26. Qd7 Ne7 27.
Nxg7 Kxg7 28. Qxb7 a5 29. Rd7 h5 30. Qc7 Qxe4 31. Qxa5 Qe3+ 32. Kh1 Qxg3 33.
Qc5 Ng6 34. Bxf7 Kh6 35. Qc6 Rxf7 36. Rdxf7 Re1 37. R7f6 Rxf1+ 38. Rxf1 g4 39.
Qf6 h4 40. Qf2 Qe5 41. Qd2+ Kh5 42. Qd4 Qe2 43. Qf2 Qc4 44. b3 1-0